01210nam a2200193Ia 4500001001100000003001000011008004100021040002500062041001300087100002700100245007800127250001100205260009200216300002800308500027000336501011400606520027000720650002600990L871-38057IT-CnALBA170116s9999||||xx |||||||||||||| ||und|| aIT-CnALBAcIT-CnALBA aITALIANO aVALERIO MASSIMO, POETA 0aVALERIO MASSIMO VOLGARIZZATO DA MICHELE BATTAGLIA. VOL. II. LIBRI VI-IX.  a1a ed. a TREVISObTRENTO G. & FIGLI, TIPOGRAFIA c1821 [1° Ed.:1821 - Ed.Ling.Originale: 1821] a300 p. (prefazione: 13) aLIBRI VI IX. INDICE ANALITICO. CASTITÀ SEVERITÀ. GIUSTIZIA. FEDE PUBBLICA. FEDELTÀ DELLE MOGLI DEGLI SCHIAVI. MUTAZIONE DEI COSTUMI. FORTUNA. FELICITÀ SAGGEZZA. ASTUZIA. STRATAGEMMI. NECESSITÀ. TESTAMENTO INVALIDATO. GIUDICI PUBBLICI. DONNE DAVANTI AI MAG aSocietà San Paolo EM - Piazza San Paolo, 14 - 12051 ALBA (CN) (non commercial uses only) ® Copyright 2017 aLIBRI VI IX. INDICE ANALITICO. CASTITÀ SEVERITÀ. GIUSTIZIA. FEDE PUBBLICA. FEDELTÀ DELLE MOGLI DEGLI SCHIAVI. MUTAZIONE DEI COSTUMI. FORTUNA. FELICITÀ SAGGEZZA. ASTUZIA. STRATAGEMMI. NECESSITÀ. TESTAMENTO INVALIDATO. GIUDICI PUBBLICI. DONNE DAVANTI AI MAG aPROSE E POESIA LATINA